Jewish high society in Old Regime Berlin /

Bibliographic Details
Main Author: Hertz, Deborah Sadie
Format: Book
Language:English
Published: New Haven : Yale University Press, [1988]
Subjects:

MARC

Tag First Indicator Second Indicator Subfields
LEADER 00000cam a2200000 a 4500
001 in00000023945
005 20151007055603.0
008 870604s1988 ctuac b 00110 eng
010 |a  87016003  
020 |a 0300037759 (alk. paper) 
035 |a (OCoLC)16224291 
035 |9 AAB8645AM 
040 |a DLC  |c DLC  |d TXA  |d UtOrBLW 
043 |a e-gx--- 
049 |a TXAM  |c [A11505230] 
050 0 0 |a DS135.G4  |b B4524 1988 
082 0 |a 943.1/55004924  |2 19 
100 1 |a Hertz, Deborah Sadie. 
245 1 0 |a Jewish high society in Old Regime Berlin /  |c Deborah Hertz. 
264 1 |a New Haven :  |b Yale University Press,  |c [1988] 
264 4 |c ©1988 
300 |a xiv, 299 pages :  |b illustrations, portraits ;  |c 25 cm. 
336 |a text  |b txt  |2 rdacontent 
337 |a unmediated  |b n  |2 rdamedia 
338 |a volume  |b nc  |2 rdacarrier 
504 |a Bibliography: pages 287-291. 
500 |a Includes index. 
650 0 |a Jews  |z Germany  |z Berlin  |x Intellectual life. 
650 0 |a Salons  |z Germany  |z Berlin  |x History  |y 18th century. 
650 0 |a Jewish women  |z Germany  |z Berlin  |x History  |y 18th century. 
650 0 |a Jews  |z Germany  |z Berlin  |x History  |y 18th century. 
651 0 |a Berlin (Germany)  |x Ethnic relations. 
999 |a MARS 
999 f f |s fbe6bcc2-9a9c-3025-9876-5f239d112d2f  |i d33efdf9-b916-3d8c-9a4b-05cd42a65f49  |t 0 
952 f f |p normal  |a Texas A&M University  |b College Station  |c Sterling C. Evans Library  |d Evans: Library Stacks  |t 0  |e DS135.G4 B4524 1988  |h Library of Congress classification  |i unmediated -- volume  |m A14811505230 
998 f f |a DS135.G4 B4524 1988  |t 0  |l Evans: Library Stacks